000 00249nam a22001217a 4500
003 SGT
082 _a823
_bABE
100 _aSPARKS NICHOLAS
245 _aABEND IN THE ROAD
260 _aU.K
_bHACHETTE PUB
_c2011
300 _a378
942 _2ddc
_cBK
999 _c33512
_d33512